000 00510nam a2200205Ia 4500
005 20240823013710.0
008 240823s9999||||xx |||||||||||||| ||und||
020 _a81-203-2593-1
041 _aENGLISH
082 _A620.3 P4
100 _a"Dukkipati,Rao V"
245 0 _aText Book of Mechanical Vibrations
250 _a1st
260 _c2004
_b"PHI,New D"
500 _aTRANSFERED
650 _aVibration
_bAeronautical Engineering
700 _a Srinivastava U.K.
942 _cBK
999 _c167974
_d167974